|
|
|
|
| LEADER |
02293nam a22003734a 4500 |
| 001 |
EBC3001853 |
| 003 |
MiAaPQ |
| 005 |
20200520144314.0 |
| 006 |
m o d | |
| 007 |
cr cn||||||||| |
| 008 |
060522s2007 nyua s 001 0 eng |
| 010 |
|
|
|z 2006016794
|
| 015 |
|
|
|a GBA686074
|2 bnb
|
| 016 |
7 |
|
|z 013573121
|2 Uk
|
| 020 |
|
|
|z 0814473822
|
| 035 |
|
|
|a (MiAaPQ)EBC3001853
|
| 035 |
|
|
|a (Au-PeEL)EBL3001853
|
| 035 |
|
|
|a (CaPaEBR)ebr10196195
|
| 035 |
|
|
|a (CaONFJC)MIL112844
|
| 035 |
|
|
|a (OCoLC)815543554
|
| 040 |
|
|
|a MiAaPQ
|c MiAaPQ
|d MiAaPQ
|
| 050 |
|
4 |
|a HD69.P75
|b B49 2007
|
| 082 |
0 |
4 |
|a 658.4/04
|2 22
|
| 100 |
1 |
|
|a Berman, Jeff,
|d 1966-
|
| 245 |
1 |
0 |
|a Maximizing project value
|h [electronic resource] :
|b defining, managing, and measuring for optimal return /
|c Jeff Berman.
|
| 260 |
|
|
|a New York :
|b Amacom, American Management Association,
|c c2007.
|
| 300 |
|
|
|a viii, 200 p. :
|b ill.
|
| 500 |
|
|
|a Includes index.
|
| 505 |
0 |
|
|a Introduction : beyond "on time and on budget" -- Defining the project business case and getting buy-in from top management -- Business case process life cycle -- Determining the need for a project -- Initiating the project -- Making the business case -- Business case influencers and supporters -- 7 principles for developing a winning business case -- Project selection techniques -- The business case approval process -- Executing a project with a business value mindset -- Defining project value drivers -- Key performance indicators -- Achieving project value through stakeholder management -- Change management -- Stakeholder management -- Stakeholder management as a process -- Stakeholder communication -- Creating organizational alignment and accountability -- The impact of change -- Accountability -- Rewards and incentives -- Establishing an ongoing project performance tracking process -- Reporting mechanisms -- Metrics visibility -- Correction management -- Conclusion.
|
| 533 |
|
|
|a Electronic reproduction. Ann Arbor, MI : ProQuest, 2015. Available via World Wide Web. Access may be limited to ProQuest affiliated libraries.
|
| 650 |
|
0 |
|a Project management.
|
| 655 |
|
4 |
|a Electronic books.
|
| 710 |
2 |
|
|a ProQuest (Firm)
|
| 856 |
4 |
0 |
|u https://ebookcentral.proquest.com/lib/matrademy/detail.action?docID=3001853
|z Click to View
|